Normal view MARC view
  • Tocquet, Robert

Entry Nombre Personal

Number of records used in: 1

001 - NUMERO DE CONTROL

  • campo de control: 47428

003 - IDENTIFICADOR DE NUMERO DE CONTROL

  • campo de control: DLC

005 - FECHA Y HORA DE LA ÜLTIMA TRANSACCIÓN

  • campo de control: 20221123084956.0

008 - DATOS DE LONGITUD FIJA

  • campo de control de longitud fija: 100722n| acannaabn n aaa d

010 ## - NÚMERO DE CONTROL DE LA BIBLIOTECA DEL CONGRESO

  • Número de control LC: no2010118829

035 ## - NUMERO DE CONTROL

  • Número de control: (OCoLC)oca08568204

040 ## - FUENTE DE CATALOGACIÓN

  • Agencia original de catalogación: MX-MxITA
  • Lenguaje de catalogación: spa
  • Agencia de transcripción: MX-MxITA
  • Agencia que lo modifica: MX-MxUPN

100 1# - ENCABEZAMIENTO - NOMBRE PERSONAL

  • Nombre personal: Tocquet, Robert

670 ## - FUENTE EN LA QUE SE LOCALIZARON DATOS

  • Cita de la fuente: Supermemoria, 1993:
  • Información localizada: portada (Robert Tocquet)

670 ## - FUENTE EN LA QUE SE LOCALIZARON DATOS

  • Cita de la fuente: Cómo desarrollar la atención y la memoria, 1989:
  • Información localizada: portada (Robert Tocquet)

902 ## - CATALOGADOR

  • Catalogador: Víctor Ruiz/231122